Memo / (Record no. 143130)

MARC details
000 -LEADER
campo de control de longitud fija 00582nam a2200169 4500
001 - NÚMERO DE CONTROL
campo de control 143130
003 - IDENTIFICADOR DE NÚMERO DE CONTROL
campo de control ES-MaACL
007 - CAMPO FIJO DE DESCRIPCIÓN FÍSICA--INFORMACIÓN GENERAL
campo de control de longitud fija t|
008 - DATOS DE LONGITUD FIJA--INFORMACIÓN GENERAL
campo de control de longitud fija 070214s1973 xxk r ||||1| eng d
100 1# - ENTRADA PRINCIPAL--NOMBRE DE PERSONA
Nombre de persona Selznick, David O.
9 (RLIN) 105365
245 10 - MENCIÓN DEL TÍTULO
Título Memo /
Mención de responsabilidad, etc. from David O. Selznick ; selected and edited by Rudy Behlmer ; with an introduction by S. N. Behrman.
260 ## - PUBLICACIÓN, DISTRIBUCIÓN, ETC.
Lugar de publicación, distribución, etc. London [etc.] :
Nombre del editor, distribuidor, etc. Macmillan,
Fecha de publicación, distribución, etc. 1973 (
Lugar de fabricación/manufactura Exeter :
Fabricante A. Wheaton)
300 ## - DESCRIPCIÓN FÍSICA
Extensión XXIV, 518 p., 32 lám. ;
Dimensiones 24 cm.
700 1# - ENTRADA AGREGADA--NOMBRE PERSONAL
Nombre de persona Behlmer, Rudy.
9 (RLIN) 27053
700 1# - ENTRADA AGREGADA--NOMBRE PERSONAL
Nombre de persona Behrman, S. N.
9 (RLIN) 27065
852 ## - LOCALIZACIÓN
Ubicación ES-MaACL
Número de control de estantería E-5290
Sublocalización o colección R.89675
Holdings
Estatus retirado Estado de pérdida Estado de daño No para préstamo Biblioteca de origen Biblioteca actual Ubicación en estantería Fecha de adquisición Fuente de adquisición Total de préstamos Signatura topográfica completa Código de barras Visto por última vez Precio de reemplazo Tipo de ítem Koha
        Biblioteca del Ateneo de Madrid Biblioteca del Ateneo de Madrid Depósito 2 17/01/2008     E-5290 1148918 23/02/2023 23/02/2023 Libro impreso